|
|
|
|
| LEADER |
01318nam a2200241 a 4500 |
| 001 |
GR-MES6965 |
| 008 |
000428s1996 gr b 000 0 gre d |
| 040 |
|
|
|a GrPaTEI
|b gre
|c GR-PaULI
|
| 040 |
|
|
|a GrPaTEI
|b gre
|c GR-PaULI
|
| 082 |
|
0 |
|a 344.046
|
| 245 |
0 |
2 |
|a Η προστασία του περιβάλλοντος απο εγκληματολογική σκοπιά ; επιμέλεια Χριστίνα Ζαραφωνίτου.
|
| 260 |
|
|
|a Αθήνα :
|b Νομική βιβλιοθήκη,
|c 1996
|
| 300 |
|
|
|a 238 σ. ;
|c 21εκ.
|
| 490 |
0 |
|
|a τετραδια εγκληματολογίας
|
| 504 |
|
|
|a Περιλαμβάνει βιβλιογραφία.
|
| 650 |
|
4 |
|a ΠΕΡΙΒΑΛΛΟΝ
|x ΠΡΟΣΤΑΣΙΑ
|
| 650 |
|
4 |
|a Περιβαλλοντική πολιτική
|
| 700 |
0 |
|
|a ΖΑΡΑΦΩΝΙΤΟΥ,ΧΡΙΣΤΙΝΑ
|
| 942 |
|
|
|2 ddc
|
| 952 |
|
|
|0 0
|1 0
|2 ddc
|4 0
|6 344_046000000000000_ΠΡΟ
|7 0
|9 277309
|a MSLG
|b MSLG
|c BSC
|d 2021-01-17
|e 24
|f 0
|g 0.00
|l 0
|o 344.046 ΠΡΟ
|p 2420000011746
|r 2021-01-17 00:00:00
|t 1
|w 2021-01-17
|y BK15
|x 20000428 0 1
|x GrPaTEI
|
| 952 |
|
|
|0 0
|1 0
|2 ddc
|4 0
|6 344_046000000000000_ΠΡΟ
|7 0
|9 277310
|a MSLG
|b MSLG
|c BSC
|d 2021-01-17
|e 24
|f 0
|g 0.00
|l 0
|o 344.046 ΠΡΟ
|p 2420000019486
|r 2021-01-17 00:00:00
|t 1
|w 2021-01-17
|y BK15
|x 20080305 0 1
|x GrPaTEI
|
| 971 |
|
|
|a .b25854343
|b 01-10-20
|c 14-09-16
|
| 999 |
|
|
|c 161112
|d 161112
|